Programa 5. Diccionario enciclopédico : (Registro nro. 219)
[ vista simple ]
| 000 -Cabecera | |
|---|---|
| Campo de control interno | 00691nam a2200229Ia 4500 |
| 005 - Fecha y hora del registro | |
| control field | 20251203123019.0 |
| 008 - Elementos de Longitud Fija | |
| fixed length control field | 251203t1996||||xx |||||||||||||| ||spa|| |
| 020 ## - ISBN | |
| ISBN | 9586420450 |
| 041 ## - Idioma | |
| Codigo Idioma | ESP |
| 082 ## - DEWEY y NOTACIÓN INTERNA | |
| Dewey | RDE 036 |
| Notación Interna | P87 |
| 110 ## - AUTOR INSTTITUCIONAL | |
| Autor Institucional | ENCAS |
| 245 #0 - TÍTULO DE MATERIAL BIBLIOGRÁFICO | |
| Título | Programa 5. Diccionario enciclopédico : |
| Título paralelo | Tomos 1-5 |
| 260 ## - CIUDAD, EDITORIAL, AÑO | |
| Ciudad | Santafé de Bogotá : |
| Nombre de la Editorial | Encas, |
| Año | 1996 |
| 300 ## - DESCRIPCIÓN | |
| N° Páginas | 1388 páginas : |
| Otros detalles | ilustraciones, mapas ; |
| Dimensiones | 26 cm. |
| Material Adicional | |
| 440 ## - MENCIÓN DE SERIE | |
| Título de la Serie | |
| Número de Serie | |
| Volumen de Serie | |
| 505 ## - TABLA DE CONTENIDO | |
| Tabla de Contenido | Contiene: Tomo 1: A CES; Tomo 2: CHA-FLO; Tomo 3: FOC-MEZ; Tomo 4: MID-RET; Tomo 5: REV-ZWO |
| 650 ## - TEMAS | |
| Temas | Generalidades |
| 653 ## - DESCRIPTORES | |
| Lenguajes no controlado | Obras enciclopédicas en Español |
| 654 ## - PROGRAMAS | |
| Programa | Todos los programas |
| 942 ## - ELEMENTOS DE KOHA | |
| Tipo de documento | Diccionario |
| Nombre del creador | Justo Noguera |
| Código de catalogador | Tania Ramirez |
| Esquema de clasificación | Dewey Decimal Classification |
| Suppress in OPAC | |
| Codigo completo | Registro | Colección | Copia número | Disponibilidad | Tipo de préstamo | Biblioteca Actual | Procedencia (Biblioteca) | Ubicacón | Fecha Ingreso | Tipo de Adquisición | Date last seen | Total checkouts | Price effective from | Tipo de Item | Estado del Material | Fuente de Clasificación | Damaged status | Withdrawn status |
|---|---|---|---|---|---|---|---|---|---|---|---|---|---|---|---|---|---|---|
| RDE 036 P87 | 1085090 | Colección Vera Bejar | 1 | Restringido | Víctor Andrés Belaunde | Víctor Andrés Belaunde | Planta baja cerrada | 03/12/2025 | Donación | 03/12/2025 | 03/12/2025 | Diccionario | Bueno | Dewey Decimal Classification | Withdrawn |




